[Event "Oberliga Ost A 2018 2019"]
[Site "?"]
[Date "2019.03.23"]
[Round "8.4"]
[White "Gempe, Thomas"]
[Black "Puls, Thomas"]
[Result "1-0"]
[WhiteElo "2173"]
[BlackElo "2205"]
[PlyCount "59"]
[EventDate "2018.10.21"]
[EventType "team-tourn"]
[EventCountry "GER"]
[WhiteTeam "Leipzig SG II"]
[BlackTeam "Halle USV"]
[WhiteTeamCountry "GER"]
[BlackTeamCountry "GER"]

1. d4 f5 2. Nf3 Nf6 3. Bg5 e6 4. Nbd2 Be7 5. Bxf6 Bxf6 6. e4 O-O 7. Bd3 d6 8.
c3 Nc6 9. Qc2 e5 10. dxe5 Nxe5 11. Nxe5 Bxe5 12. exf5 Bf4 13. O-O-O Qg5 14. g3
Bxd2+ 15. Rxd2 Kh8 16. f4 Qh5 17. Re1 Qf7 18. Qb3 d5 19. Re5 c6 20. Rde2 h6 21.
Qb4 b5 22. Qd6 Qf6 23. Qxf6 Rxf6 24. Re8+ Kh7 25. g4 Rf7 26. g5 hxg5 27. fxg5
Rd7 28. g6+ Kh6 29. Rg2 Bb7 30. Re3 1-0

[Event "Oberliga Ost A 2018 2019"]
[Site "?"]
[Date "2019.03.23"]
[Round "8.5"]
[White "Schulte, Felix"]
[Black "Limpert, Michael"]
[Result "1/2-1/2"]
[WhiteElo "2052"]
[BlackElo "2151"]
[PlyCount "84"]
[EventDate "2018.10.21"]
[EventType "team-tourn"]
[EventCountry "GER"]
[WhiteTeam "Halle USV"]
[BlackTeam "Leipzig SG II"]
[WhiteTeamCountry "GER"]
[BlackTeamCountry "GER"]

1. e4 c6 2. d4 d5 3. Nc3 dxe4 4. Nxe4 Bf5 5. Ng3 Bg6 6. Nh3 e6 7. Nf4 Bd6 8. h4
Qc7 9. Nxg6 hxg6 10. Ne4 Nd7 11. Bd3 O-O-O 12. Qf3 Ngf6 13. Nxd6+ Qxd6 14. Bf4
Qd5 15. Qxd5 Nxd5 16. Bd2 e5 17. dxe5 Nxe5 18. Be2 Rhe8 19. O-O-O Nd7 20. Bf3
Ne5 21. Be2 Nd7 22. Rhe1 N7f6 23. Bg5 b5 24. c4 bxc4 25. Bxc4 Rxe1 26. Rxe1 Re8
27. Rxe8+ Nxe8 28. Kd2 Nd6 29. Bb3 Kd7 30. Be3 Nxe3 31. Kxe3 Nf5+ 32. Ke4 f6
33. g3 Kd6 34. Bf7 Ne7 35. f4 Kc5 36. g4 a5 37. Ke3 Nd5+ 38. Bxd5 Kxd5 39. b3
Kc5 40. a3 Kd5 41. Kd3 c5 42. a4 f5 1/2-1/2

[Event "Oberliga Ost A 2018 2019"]
[Site "?"]
[Date "2019.03.23"]
[Round "8.6"]
[White "Dietze, Frank"]
[Black "Luther, Juergen"]
[Result "1/2-1/2"]
[WhiteElo "2095"]
[BlackElo "2142"]
[PlyCount "59"]
[EventDate "2018.10.21"]
[EventType "team-tourn"]
[EventCountry "GER"]
[WhiteTeam "Leipzig SG II"]
[BlackTeam "Halle USV"]
[WhiteTeamCountry "GER"]
[BlackTeamCountry "GER"]

1. d4 e6 2. c4 f5 3. g3 Nf6 4. Nf3 Be7 5. Bg2 O-O 6. O-O d5 7. b3 c6 8. Ba3 Bd7
9. Qc2 Bxa3 10. Nxa3 Be8 11. cxd5 cxd5 12. Rfc1 Nc6 13. e3 a6 14. Qb2 Qe7 15.
Nc2 Ne4 16. Nce1 Bh5 17. Nd3 Rac8 18. Rc2 Rc7 19. Rac1 Rfc8 20. Nfe5 Be8 21. f3
Nf6 22. Nxc6 Rxc6 23. Ne5 Rxc2 24. Rxc2 Rxc2 25. Qxc2 Qd8 26. Qc5 h6 27. Bf1
Kh7 28. Kf2 Ng8 29. Bd3 Qe7 30. Qa5 1/2-1/2

[Event "Oberliga Ost A 2018 2019"]
[Site "?"]
[Date "2019.03.23"]
[Round "8.7"]
[White "Reipsch, Jens"]
[Black "Roemling, Sven"]
[Result "0-1"]
[WhiteElo "2240"]
[BlackElo "2157"]
[PlyCount "104"]
[EventDate "2018.10.21"]
[EventType "team-tourn"]
[EventCountry "GER"]
[WhiteTeam "Halle USV"]
[BlackTeam "Leipzig SG II"]
[WhiteTeamCountry "GER"]
[BlackTeamCountry "GER"]

1. e4 c6 2. d4 d5 3. exd5 cxd5 4. c4 Nf6 5. Nc3 g6 6. cxd5 Bg7 7. Bc4 O-O 8.
Nge2 Nbd7 9. Nf4 Nb6 10. Bb3 Bf5 11. O-O Rc8 12. Re1 h5 13. h3 a6 14. Qe2 Re8
15. Be3 Qd6 16. Rac1 Red8 17. Bd2 Rc7 18. Qe5 Ne8 19. Qxd6 Nxd6 20. Na4 Rxc1
21. Bxc1 Nxa4 22. Bxa4 Rc8 23. Be3 Nc4 24. Re2 Kf8 25. Bb3 Nd6 26. Re1 Ke8 27.
Ne2 Bc2 28. Nc1 Bf6 29. Bf4 Kd7 30. Be5 Nf5 31. d6 Nxd6 32. Bxf6 exf6 33. Bd5
Be4 34. Bxe4 Nxe4 35. Nd3 Nd6 36. Nc5+ Kd8 37. b3 Rc7 38. g4 hxg4 39. hxg4 a5
40. Kf1 f5 41. f3 fxg4 42. fxg4 Nb5 43. Re5 Nxd4 44. Rd5+ Ke7 45. Nxb7 Rxb7 46.
Rxd4 Rb4 47. Rd5 a4 48. g5 axb3 49. axb3 Rxb3 50. Kf2 Ke6 51. Ra5 Rd3 52. Ra6+
Rd6 0-1

[Event "Oberliga Ost A 2018 2019"]
[Site "?"]
[Date "2019.03.23"]
[Round "8.8"]
[White "Fasshauer, Jacob"]
[Black "Groebel, Aaron"]
[Result "1-0"]
[WhiteElo "1976"]
[BlackElo "2101"]
[PlyCount "55"]
[EventDate "2018.10.21"]
[EventType "team-tourn"]
[EventCountry "GER"]
[WhiteTeam "Leipzig SG II"]
[BlackTeam "Halle USV"]
[WhiteTeamCountry "GER"]
[BlackTeamCountry "GER"]

1. e4 e5 2. Nf3 Nc6 3. Bc4 Bc5 4. c3 Nf6 5. d3 d6 6. Bb3 a6 7. O-O Ba7 8. Nbd2
Be6 9. Re1 O-O 10. Nf1 Ne7 11. Ng3 Ng6 12. h3 Qd7 13. d4 c6 14. Be3 h6 15. Kh2
exd4 16. Bxd4 Bxd4 17. Nxd4 d5 18. e5 Nh7 19. Bc2 Ng5 20. Qd2 Bxh3 21. f4 Bxg2
22. Bf5 Nh4 23. Bxd7 Ngf3+ 24. Nxf3 Nxf3+ 25. Kxg2 Nxd2 26. b3 Rfd8 27. Bf5 d4
28. c4 1-0

[Event "Oberliga Ost A 2018 2019"]
[Site "?"]
[Date "2019.03.23"]
[Round "8.1"]
[White "Bures, Jaroslav"]
[Black "Roseneck, Jonas"]
[Result "0-1"]
[WhiteElo "2391"]
[BlackElo "2400"]
[PlyCount "70"]
[EventDate "2018.10.21"]
[EventType "team-tourn"]
[EventCountry "GER"]
[WhiteTeam "Hoyerswerda FVS ASP"]
[BlackTeam "Magdeburg SG Aufbau Elbe"]
[WhiteTeamCountry "GER"]
[BlackTeamCountry "GER"]

1. d4 Nf6 2. Bf4 d5 3. e3 c5 4. dxc5 Nc6 5. Nf3 e6 6. Be2 Bxc5 7. Nbd2 O-O 8.
O-O h6 9. c4 Nh5 10. cxd5 exd5 11. Rc1 Bb6 12. Be5 Nxe5 13. Nxe5 Nf6 14. Ndf3
Re8 15. Qd3 Bc7 16. Qc3 Bd6 17. Rfd1 Bf5 18. Nd3 a6 19. Qb3 Qe7 20. Nd4 Be4 21.
g3 Rad8 22. Qb6 Rc8 23. Rxc8 Rxc8 24. Qb3 h5 25. h4 Qd7 26. Nf4 Bxf4 27. exf4
Qh3 28. Nf3 Bc2 29. Qxb7 Bxd1 30. Bxd1 Rc4 31. Qa8+ Qc8 32. Qxc8+ Rxc8 33. Kg2
Rc1 34. Be2 Rc2 35. Bxa6 Rxb2 0-1

[Event "Oberliga Ost A 2018 2019"]
[Site "?"]
[Date "2019.03.23"]
[Round "8.2"]
[White "Melamed, Tatjana"]
[Black "Orsag, Milan"]
[Result "0-1"]
[WhiteElo "2359"]
[BlackElo "2299"]
[PlyCount "54"]
[EventDate "2018.10.21"]
[EventType "team-tourn"]
[EventCountry "GER"]
[WhiteTeam "Magdeburg SG Aufbau Elbe"]
[BlackTeam "Hoyerswerda FVS ASP"]
[WhiteTeamCountry "GER"]
[BlackTeamCountry "GER"]

1. e4 c5 2. Nf3 e6 3. g3 Nc6 4. Bg2 Nf6 5. Qe2 d5 6. e5 Nd7 7. O-O g5 8. d3 g4
9. Ne1 Ndxe5 10. f4 gxf3 11. Nxf3 Bg7 12. Nxe5 Nxe5 13. Qh5 Ng6 14. Nd2 O-O 15.
Nf3 f6 16. c4 Ne7 17. Be3 b6 18. Rae1 Qe8 19. Qxe8 Rxe8 20. d4 Ba6 21. dxc5
Bxc4 22. Rf2 Nf5 23. b3 Ba6 24. cxb6 Nxe3 25. Rxe3 Bf8 26. Nd4 Bc5 27. Rxe6
Bxd4 0-1

[Event "Oberliga Ost A 2018 2019"]
[Site "?"]
[Date "2019.03.23"]
[Round "8.3"]
[White "Hovsepyan, Vardan"]
[Black "Andre, Gordon"]
[Result "0-1"]
[WhiteElo "2250"]
[BlackElo "2337"]
[PlyCount "156"]
[EventDate "2018.10.21"]
[EventType "team-tourn"]
[EventCountry "GER"]
[WhiteTeam "Hoyerswerda FVS ASP"]
[BlackTeam "Magdeburg SG Aufbau Elbe"]
[WhiteTeamCountry "GER"]
[BlackTeamCountry "GER"]

1. e4 e6 2. d4 d5 3. Nc3 Bb4 4. e5 b6 5. Qg4 Bf8 6. Nf3 Qd7 7. Be2 Ne7 8. b4
Nf5 9. a3 Nc6 10. O-O h5 11. Qf4 g6 12. Qd2 Bb7 13. Qd1 Be7 14. Bb5 O-O-O 15.
Ne2 Rdg8 16. Bg5 Bxg5 17. Nxg5 Qe7 18. f4 Ne3 19. Qd3 Nxf1 20. Rxf1 Nd8 21. Kh1
f6 22. exf6 Qxf6 23. Qe3 h4 24. Ng1 Rf8 25. N1h3 Bc6 26. Bd3 Bd7 27. Nf3 Nf7
28. Ne5 Nxe5 29. dxe5 Qe7 30. c3 Qe8 31. Qe2 Kb8 32. Kg1 Bc6 33. Ra1 Ba4 34.
Rc1 Bb3 35. Bb5 Bc4 36. Bxc4 dxc4 37. Qxc4 Qd7 38. Qe4 Rf5 39. Qe3 Rhf8 40. c4
Qc6 41. c5 Qd5 42. Qe2 Rd8 43. cxb6 axb6 44. Kh1 Qb3 45. Qg4 Qxa3 46. Rb1 Qd3
47. Rg1 Qd4 48. Qxg6 Rff8 49. Qxe6 Qxb4 50. Rc1 Qa4 51. Qg4 Qe4 52. Qxh4 Rg8
53. Ng5 Qe3 54. Rf1 Qe2 55. Qe1 Rd2 56. Qxe2 Rxe2 57. e6 c5 58. h4 Rh8 59. g3
c4 60. f5 c3 61. f6 c2 62. f7 Kb7 63. Nh7 Rxe6 64. Rc1 Re2 65. f8=Q Rxf8 66.
Nxf8 b5 67. Nd7 Kc6 68. Ne5+ Kd5 69. Nd3 Kc4 70. Ne1 Rxe1+ 71. Rxe1 b4 72. h5
b3 73. h6 b2 74. h7 c1=Q 75. h8=Q Qxe1+ 76. Kg2 Qe4+ 77. Kh2 Qe2+ 78. Kh3 Qe6+
0-1

[Event "Oberliga Ost A 2018 2019"]
[Site "?"]
[Date "2019.03.23"]
[Round "8.4"]
[White "Biastoch, Bennet"]
[Black "Kesik, Klaus Dieter"]
[Result "1-0"]
[WhiteElo "2269"]
[BlackElo "2193"]
[PlyCount "159"]
[EventDate "2018.10.21"]
[EventType "team-tourn"]
[EventCountry "GER"]
[WhiteTeam "Magdeburg SG Aufbau Elbe"]
[BlackTeam "Hoyerswerda FVS ASP"]
[WhiteTeamCountry "GER"]
[BlackTeamCountry "GER"]

1. e4 c6 2. d4 d5 3. Nd2 dxe4 4. Nxe4 Bf5 5. Ng3 Bg6 6. h4 h6 7. Nf3 Nd7 8. h5
Bh7 9. Bd3 Bxd3 10. Qxd3 e6 11. Bd2 Ngf6 12. O-O-O Qc7 13. Ne4 Be7 14. Kb1 O-O
15. g3 c5 16. Bf4 Qc6 17. Nxf6+ Nxf6 18. Ne5 Qe4 19. dxc5 Qxd3 20. Nxd3 Ne4 21.
f3 Nxc5 22. Nxc5 Bxc5 23. Rd7 b6 24. Rhd1 Rfe8 25. Be5 Re7 26. c3 f6 27. Bc7
Rc8 28. Rxe7 Bxe7 29. Rd7 Kf8 30. Bf4 a5 31. Bd6 Bxd6 32. Rxd6 b5 33. Rxe6 Rc5
34. g4 f5 35. Kc2 Kf7 36. Rd6 Re5 37. Kd3 f4 38. Rd4 Re3+ 39. Kd2 Rxf3 40. Ke2
Re3+ 41. Kf2 g5 42. hxg6+ Kxg6 43. Rxf4 Rh3 44. Kg2 Rd3 45. a4 bxa4 46. Rxa4
Kg5 47. Rxa5+ Kxg4 48. Ra4+ Kf5 49. Rb4 h5 50. Kf2 h4 51. Rxh4 Rd2+ 52. Ke3
Rxb2 53. Kd3 Ke5 54. Rd4 Rb8 55. Kc2 Rb7 56. Rd8 Ke6 57. Rd4 Rb8 58. c4 Rb7 59.
Kc3 Rb8 60. c5 Ke7 61. Kc4 Rb1 62. Rd6 Rb2 63. Kd5 Ra2 64. Kc6 Ra6+ 65. Kc7 Ra5
66. Kb6 Ra1 67. Rd4 Rb1+ 68. Kc7 Ke6 69. c6 Rc1 70. Kb7 Ke7 71. c7 Rb1+ 72. Kc8
Rc1 73. Rd2 Rb1 74. Re2+ Kf7 75. Re4 Rb2 76. Kd7 Rd2+ 77. Kc6 Rc2+ 78. Kd6 Rc1
79. Re5 Rd1+ 80. Kc6 1-0

[Event "Oberliga Ost A 2018 2019"]
[Site "?"]
[Date "2019.03.23"]
[Round "8.5"]
[White "Jahnel, Guenther"]
[Black "Merkert, Maximilian"]
[Result "1/2-1/2"]
[WhiteElo "2208"]
[BlackElo "2250"]
[PlyCount "133"]
[EventDate "2018.10.21"]
[EventType "team-tourn"]
[EventCountry "GER"]
[WhiteTeam "Hoyerswerda FVS ASP"]
[BlackTeam "Magdeburg SG Aufbau Elbe"]
[WhiteTeamCountry "GER"]
[BlackTeamCountry "GER"]

1. d4 f5 2. Nf3 Nf6 3. g3 g6 4. Bg2 Bg7 5. O-O O-O 6. c4 d6 7. Nc3 Qe8 8. Nd5
Nxd5 9. cxd5 Nd7 10. Qb3 Nf6 11. Ng5 Rb8 12. Qc4 Qd8 13. Be3 h6 14. Nh3 b5 15.
Qc2 g5 16. Rac1 f4 17. Bd2 Qe8 18. gxf4 g4 19. Ng5 hxg5 20. fxg5 Nh5 21. Qxc7
Rb7 22. Qc3 Qg6 23. e4 Bd7 24. f4 gxf3 25. Rxf3 Rc8 26. Qd3 Rxc1+ 27. Bxc1 Rc7
28. Be3 a6 29. Rf2 Rc8 30. a4 Rf8 31. Rxf8+ Bxf8 32. axb5 axb5 33. Qd2 e6 34.
dxe6 Bxe6 35. Qa5 Bd7 36. Qa8 Kf7 37. Qd8 Bg4 38. h3 Be2 39. Qd7+ Kg8 40. Kf2
Bd3 41. Qg4 Bc4 42. d5 Ng7 43. h4 Qe8 44. Bd4 Qh5 45. Bf3 Qxg4 46. Bxg4 Be7 47.
Be3 Bb3 48. Kg3 Ne8 49. h5 Bc2 50. Kf4 Nc7 51. Bf5 b4 52. h6 Nb5 53. Bd7 Bd3
54. Kf5 Nc7 55. g6 Bf8 56. Bb6 Nb5 57. Kf6 Bxh6 58. b3 Nc3 59. Ba5 Bxe4 60.
Be6+ Kf8 61. Bxb4 Nxd5+ 62. Bxd5 Bxd5 63. Bxd6+ Kg8 64. b4 Bg7+ 65. Kf5 Bc4 66.
Bc5 Bc3 67. Ke4 1/2-1/2

[Event "Oberliga Ost A 2018 2019"]
[Site "?"]
[Date "2019.03.23"]
[Round "8.6"]
[White "Paul, Johannes"]
[Black "Boehm, Robert"]
[Result "1-0"]
[WhiteElo "2376"]
[BlackElo "2176"]
[PlyCount "147"]
[EventDate "2018.10.21"]
[EventType "team-tourn"]
[EventCountry "GER"]
[WhiteTeam "Magdeburg SG Aufbau Elbe"]
[BlackTeam "Hoyerswerda FVS ASP"]
[WhiteTeamCountry "GER"]
[BlackTeamCountry "GER"]

1. d4 d5 2. c4 c6 3. cxd5 cxd5 4. Bg5 h6 5. Bh4 Qb6 6. Nc3 e6 7. Qd2 Nc6 8. e3
Be7 9. Bxe7 Ngxe7 10. Bd3 Bd7 11. Nf3 Rc8 12. Rc1 O-O 13. Na4 Qb4 14. Nc5 Qxd2+
15. Kxd2 Rc7 16. Rc3 Rfc8 17. Nxd7 Rxd7 18. a3 f6 19. b4 Nb8 20. Rhc1 Rxc3 21.
Rxc3 Rd8 22. Rc7 Rd7 23. Rc5 b6 24. Rc1 Rd8 25. Rc7 Rd7 26. Rc3 Rd8 27. Ng1 Rc8
28. Ne2 Kf7 29. f3 Ke8 30. e4 Rxc3 31. Nxc3 Kd7 32. Ke3 Nbc6 33. h4 a5 34. bxa5
Nxa5 35. h5 Kd6 36. Nb5+ Kc6 37. a4 Nb3 38. g4 Na5 39. Kd2 Nb3+ 40. Kc3 Na5 41.
e5 Nb7 42. f4 Ng8 43. Na7+ Kc7 44. Kb4 Na5 45. Nb5+ Kd7 46. Nd6 Nc6+ 47. Kc3
fxe5 48. dxe5 Nge7 49. Kd2 Nd4 50. Ke3 Nec6 51. Bg6 Nb3 52. Be8+ Kc7 53. Bxc6
Kxc6 54. Ne8 d4+ 55. Kd3 Kc5 56. Nxg7 Kd5 57. g5 Nc5+ 58. Kd2 Ne4+ 59. Ke1 d3
60. Nxe6 Kxe6 61. gxh6 Kf7 62. f5 Kg8 63. f6 Ng5 64. Kd2 Nf3+ 65. Kxd3 Nxe5+
66. Ke4 Ng4 67. h7+ Kxh7 68. Kf5 Nh6+ 69. Ke6 Kg8 70. Kd6 Nf5+ 71. Kc6 Nd4+ 72.
Kxb6 Kf7 73. a5 Nf5 74. Kc5 1-0

[Event "Oberliga Ost A 2018 2019"]
[Site "?"]
[Date "2019.03.23"]
[Round "8.7"]
[White "Grohmann, Alexander"]
[Black "Zeuner, Michael"]
[Result "1/2-1/2"]
[WhiteElo "1998"]
[BlackElo "2120"]
[PlyCount "21"]
[EventDate "2018.10.21"]
[EventType "team-tourn"]
[EventCountry "GER"]
[WhiteTeam "Hoyerswerda FVS ASP"]
[BlackTeam "Magdeburg SG Aufbau Elbe"]
[WhiteTeamCountry "GER"]
[BlackTeamCountry "GER"]

1. e4 c5 2. Nc3 Nc6 3. f4 g6 4. Nf3 Bg7 5. Bb5 Nd4 6. O-O Nxb5 7. Nxb5 d5 8.
exd5 Nf6 9. d4 a6 10. Nc3 Nxd5 11. dxc5 1/2-1/2

[Event "Oberliga Ost A 2018 2019"]
[Site "?"]
[Date "2019.03.23"]
[Round "8.8"]
[White "Windelband, Jens"]
[Black "Heyme, Sibylle"]
[Result "0-1"]
[WhiteElo "2081"]
[BlackElo "2025"]
[PlyCount "64"]
[EventDate "2018.10.21"]
[EventType "team-tourn"]
[EventCountry "GER"]
[WhiteTeam "Magdeburg SG Aufbau Elbe"]
[BlackTeam "Hoyerswerda FVS ASP"]
[WhiteTeamCountry "GER"]
[BlackTeamCountry "GER"]

1. e4 e5 2. Nf3 Nc6 3. Bb5 a6 4. Ba4 Nf6 5. O-O Be7 6. Re1 b5 7. Bb3 O-O 8. a4
b4 9. c3 Rb8 10. d4 d6 11. h3 Re8 12. Ng5 Rf8 13. f4 bxc3 14. bxc3 exd4 15.
cxd4 d5 16. e5 Ne4 17. Nxe4 dxe4 18. d5 Nb4 19. Rxe4 Bf5 20. Re2 Nxd5 21. Qxd5
Qxd5 22. Bxd5 Bxb1 23. Bc4 Rfd8 24. Rd2 Bc5+ 25. Kh2 Bd4 26. Ra3 Be4 27. Bd3
Be3 28. Bxe4 Bxf4+ 29. Kg1 Bxd2 30. Bxd2 Rxd2 31. Rc3 g6 32. Rxc7 Rb4 0-1

[Event "Oberliga Ost A 2018 2019"]
[Site "?"]
[Date "2019.03.23"]
[Round "8.1"]
[White "Pallas, Sebastian"]
[Black "Natsidis, Christoph"]
[Result "1/2-1/2"]
[WhiteElo "2289"]
[BlackElo "2308"]
[PlyCount "22"]
[EventDate "2018.10.21"]
[EventType "team-tourn"]
[EventCountry "GER"]
[WhiteTeam "Loeberitz SG"]
[BlackTeam "Leipzig SG"]
[WhiteTeamCountry "GER"]
[BlackTeamCountry "GER"]

1. e4 c5 2. Nf3 e6 3. d4 cxd4 4. Nxd4 a6 5. Bd3 g6 6. O-O Bg7 7. Nf3 Nc6 8. c4
Nge7 9. Nc3 O-O 10. Be3 f5 11. Rc1 f4 1/2-1/2

[Event "Oberliga Ost A 2018 2019"]
[Site "?"]
[Date "2019.03.23"]
[Round "8.2"]
[White "Heistermann, Till"]
[Black "Stein, Robert"]
[Result "1-0"]
[WhiteElo "2178"]
[BlackElo "2301"]
[PlyCount "73"]
[EventDate "2018.10.21"]
[EventType "team-tourn"]
[EventCountry "GER"]
[WhiteTeam "Leipzig SG"]
[BlackTeam "Loeberitz SG"]
[WhiteTeamCountry "GER"]
[BlackTeamCountry "GER"]

1. Nf3 Nf6 2. g3 d5 3. Bg2 e6 4. O-O Be7 5. d3 O-O 6. Nbd2 b6 7. c4 Bb7 8. b3
d4 9. Bb2 c5 10. b4 Nbd7 11. Rb1 e5 12. bxc5 Bxc5 13. Nb3 Be7 14. Re1 Qc7 15.
Qc1 Nc5 16. Nxc5 Bxc5 17. Ba3 Nd7 18. Nd2 Bxg2 19. Kxg2 f5 20. Nb3 Rae8 21.
Bxc5 bxc5 22. Qd2 e4 23. Qa5 Qc6 24. Qb5 Qd6 25. Qb7 Kh8 26. Qd5 Qc7 27. Nxd4
cxd4 28. Rb7 Nf6 29. Rxc7 Nxd5 30. cxd5 exd3 31. Kf1 dxe2+ 32. Rxe2 Re4 33.
Rxe4 fxe4 34. d6 d3 35. d7 d2 36. Ke2 Rxf2+ 37. Kxf2 1-0

[Event "Oberliga Ost A 2018 2019"]
[Site "?"]
[Date "2019.03.23"]
[Round "8.3"]
[White "Niegsch, Nicolas"]
[Black "Pietzsch, Manuel"]
[Result "1-0"]
[WhiteElo "2249"]
[BlackElo "2173"]
[PlyCount "55"]
[EventDate "2018.10.21"]
[EventType "team-tourn"]
[EventCountry "GER"]
[WhiteTeam "Loeberitz SG"]
[BlackTeam "Leipzig SG"]
[WhiteTeamCountry "GER"]
[BlackTeamCountry "GER"]

1. d4 Nf6 2. c4 e6 3. Nc3 Bb4 4. a3 Bxc3+ 5. bxc3 c5 6. e3 Nc6 7. Bd3 b6 8. Ne2
Ba6 9. e4 e5 10. O-O O-O 11. f4 exd4 12. cxd4 cxd4 13. Ng3 d6 14. Bb2 Bc8 15.
Qf3 Bd7 16. Rae1 Qc7 17. h3 Rae8 18. Ne2 Re7 19. Nxd4 Rfe8 20. Nb5 Qb8 21. Bxf6
gxf6 22. Qg3+ Kh8 23. Qh4 f5 24. Qf6+ Kg8 25. Re3 Re6 26. Rg3+ Kf8 27. Qg7+ Ke7
28. exf5 1-0

[Event "Oberliga Ost A 2018 2019"]
[Site "?"]
[Date "2019.03.23"]
[Round "8.4"]
[White "Nguyen, Alex Dac Vuong"]
[Black "Proehl, Holger"]
[Result "1/2-1/2"]
[WhiteElo "2194"]
[BlackElo "2337"]
[PlyCount "39"]
[EventDate "2018.10.21"]
[EventType "team-tourn"]
[EventCountry "GER"]
[WhiteTeam "Leipzig SG"]
[BlackTeam "Loeberitz SG"]
[WhiteTeamCountry "GER"]
[BlackTeamCountry "GER"]

1. e4 e6 2. d4 d5 3. Nc3 dxe4 4. Nxe4 Bd7 5. Nf3 Bc6 6. Bd3 Nd7 7. Bg5 Be7 8.
Bxe7 Qxe7 9. O-O Ngf6 10. Qe2 O-O 11. c3 b6 12. Rad1 Bb7 13. Nfg5 Rad8 14. Bb1
Rfe8 15. Rfe1 Nxe4 16. Bxe4 Bxe4 17. Nxe4 c5 18. dxc5 Nxc5 19. Nxc5 bxc5 20.
Rxd8 1/2-1/2

[Event "Oberliga Ost A 2018 2019"]
[Site "?"]
[Date "2019.03.23"]
[Round "8.5"]
[White "Schuetze, Norman"]
[Black "Roesemann, Rainer"]
[Result "1-0"]
[WhiteElo "2271"]
[BlackElo "2231"]
[PlyCount "57"]
[EventDate "2018.10.21"]
[EventType "team-tourn"]
[EventCountry "GER"]
[WhiteTeam "Loeberitz SG"]
[BlackTeam "Leipzig SG"]
[WhiteTeamCountry "GER"]
[BlackTeamCountry "GER"]

1. e4 c6 2. d4 d5 3. Nd2 dxe4 4. Nxe4 Bf5 5. Ng3 Bg6 6. h4 h6 7. Nf3 Nd7 8. h5
Bh7 9. Bd3 Bxd3 10. Qxd3 e6 11. Bd2 Ngf6 12. O-O-O Be7 13. Kb1 O-O 14. Ne4 Nxe4
15. Qxe4 Nf6 16. Qe2 Qd5 17. Be3 Rfd8 18. Ne5 c5 19. Rhe1 Rac8 20. g4 c4 21. g5
hxg5 22. Bxg5 c3 23. h6 Rd6 24. h7+ Nxh7 25. Bxe7 Ra6 26. b3 Qa5 27. a3 Nf6 28.
Rg1 Rc7 29. Rxg7+ 1-0

[Event "Oberliga Ost A 2018 2019"]
[Site "?"]
[Date "2019.03.23"]
[Round "8.6"]
[White "Weitzer, Steffen"]
[Black "Schuster, Martin"]
[Result "1-0"]
[WhiteElo "2258"]
[BlackElo "2211"]
[PlyCount "55"]
[EventDate "2018.10.21"]
[EventType "team-tourn"]
[EventCountry "GER"]
[WhiteTeam "Leipzig SG"]
[BlackTeam "Loeberitz SG"]
[WhiteTeamCountry "GER"]
[BlackTeamCountry "GER"]

1. d4 Nf6 2. Nf3 e6 3. Bf4 c5 4. e3 Qb6 5. Nbd2 d5 6. Rb1 Nc6 7. c3 Nh5 8. Bg5
h6 9. Bh4 g5 10. Ne5 Nxe5 11. Qxh5 cxd4 12. exd4 Ng6 13. Bg3 e5 14. Bd3 e4 15.
Qe2 f5 16. f3 Bd6 17. fxe4 Bxg3+ 18. hxg3 fxe4 19. O-O Bd7 20. Nxe4 dxe4 21.
Qxe4+ Ne7 22. Rbe1 O-O-O 23. Qxe7 Qxb2 24. Rb1 Qd2 25. Rfd1 Qxa2 26. Ra1 Qe6
27. Qc5+ Bc6 28. Bf5 1-0

[Event "Oberliga Ost A 2018 2019"]
[Site "?"]
[Date "2019.03.23"]
[Round "8.7"]
[White "Mertens, Fridolin"]
[Black "Hoffmann, Hendrik"]
[Result "0-1"]
[WhiteElo "2116"]
[BlackElo "2239"]
[PlyCount "180"]
[EventDate "2018.10.21"]
[EventType "team-tourn"]
[EventCountry "GER"]
[WhiteTeam "Loeberitz SG"]
[BlackTeam "Leipzig SG"]
[WhiteTeamCountry "GER"]
[BlackTeamCountry "GER"]

1. e4 d6 2. d4 Nf6 3. Nc3 g6 4. Nf3 Bg7 5. Be2 O-O 6. O-O a6 7. Re1 b5 8. e5
Ne8 9. a4 b4 10. Na2 a5 11. c3 bxc3 12. Nxc3 Nc6 13. Bf4 Nb4 14. Rc1 c6 15. Ng5
d5 16. Qd2 Nc7 17. h4 f6 18. Nf3 Bg4 19. Nh2 Bxe2 20. Rxe2 Qd7 21. Rce1 Ne6 22.
exf6 Rxf6 23. Be5 Rf7 24. Ng4 Nf4 25. Bxf4 Qxg4 26. g3 Raf8 27. Be5 Bxe5 28.
dxe5 Rf5 29. Nd1 Qf3 30. Re3 Qh5 31. Qe2 Qxe2 32. R1xe2 d4 33. Re4 c5 34. f4 h6
35. Nf2 g5 36. hxg5 hxg5 37. Nh3 gxf4 38. Rxf4 d3 39. Ref2 Rxf4 40. Nxf4 Rd8
41. Rd2 c4 42. Kf2 Nc6 43. e6 Nd4 44. Ke3 Rd6 45. Rd1 Nxe6 46. Nxe6 Rxe6+ 47.
Kd4 Rc6 48. Kc3 e5 49. Re1 Rd6 50. Kd2 Rd5 51. Re4 Rc5 52. Re1 Kf7 53. b3 cxb3
54. Kxd3 Ke6 55. Rb1 Rd5+ 56. Ke3 Rd4 57. Rxb3 Rxa4 58. Kf3 Rb4 59. Ra3 a4 60.
Ke2 Kd5 61. Rd3+ Rd4 62. Ra3 Kc5 63. Re3 Kd5 64. Ra3 Rb4 65. Kd2 Rg4 66. Re3
Re4 67. Ra3 Kc5 68. Kd3 Rg4 69. Kc2 Kb4 70. Re3 Rc4+ 71. Kb2 e4 72. g4 Kc5 73.
g5 Kd4 74. Rg3 Rc7 75. g6 Rg7 76. Kc2 Ke5 77. Kd2 Kf4 78. Ra3 Rxg6 79. Rxa4 Kf3
80. Ra8 e3+ 81. Kd3 Rd6+ 82. Kc2 e2 83. Rf8+ Ke3 84. Re8+ Kf2 85. Rf8+ Ke1 86.
Rc8 Rf6 87. Rh8 Kf2 88. Rh2+ Ke3 89. Rh3+ Rf3 90. Rh1 Rf1 0-1

[Event "Oberliga Ost A 2018 2019"]
[Site "?"]
[Date "2019.03.23"]
[Round "8.8"]
[White "Rausch, Stephan"]
[Black "Boehm, Christian"]
[Result "1-0"]
[WhiteElo "2271"]
[BlackElo "2072"]
[PlyCount "167"]
[EventDate "2018.10.21"]
[EventType "team-tourn"]
[EventCountry "GER"]
[WhiteTeam "Leipzig SG"]
[BlackTeam "Loeberitz SG"]
[WhiteTeamCountry "GER"]
[BlackTeamCountry "GER"]

1. d4 d5 2. Nf3 c5 3. e3 Nf6 4. c3 cxd4 5. exd4 Bg4 6. h3 Bh5 7. Bg5 Ne4 8. Qb3
Bxf3 9. Bf4 Bh5 10. Bxb8 a6 11. Bf4 Qd7 12. Bd3 Bg6 13. Bxe4 Bxe4 14. O-O e6
15. Nd2 Bd3 16. Rfe1 Be7 17. Nf3 Qb5 18. Ne5 Qxb3 19. axb3 Bc2 20. b4 Bf6 21.
Rec1 Bg6 22. b5 Bxe5 23. Bxe5 f6 24. Bc7 Kd7 25. b6 Rhe8 26. Ra5 Bf7 27. f4 h6
28. g4 Bg6 29. b3 Be4 30. Kf2 f5 31. g5 hxg5 32. fxg5 Rh8 33. Be5 Rxh3 34. Rc5
Rc8 35. Rxc8 Kxc8 36. c4 Kd8 37. c5 Rxb3 38. Bxg7 f4 39. Rf1 Rb2+ 40. Ke1 Rb1+
41. Kf2 Rb2+ 42. Ke1 f3 43. Rf2 Rb1+ 44. Kd2 Rb3 45. Ke1 Kd7 46. Be5 a5 47. Ra2
a4 48. g6 Bxg6 49. Rxa4 Rb2 50. Bg3 Re2+ 51. Kf1 Rg2 52. Bf2 Bd3+ 53. Ke1 Rg4
54. Kd2 Be2 55. Ra8 Re4 56. Rf8 Kc6 57. Rf7 Ba6 58. Rxf3 Re2+ 59. Kc3 Ra2 60.
Rf6 Kd7 61. Bh4 Rh2 62. Rh6 Rh1 63. Kd2 Rh3 64. Ke1 Re3+ 65. Kf2 Re2+ 66. Kf3
Rh2 67. Kf4 Bd3 68. Rh8 Ba6 69. Kg3 Rh1 70. Rh7+ Ke8 71. c6 bxc6 72. b7 Bxb7
73. Rxb7 Re1 74. Bf6 Re4 75. Rc7 Kf8 76. Be5 c5 77. Rxc5 Kf7 78. Rc3 Ke7 79.
Rc7+ Kd8 80. Rg7 Ke8 81. Rg4 Re1 82. Kh4 Rf1 83. Kh5 Kf7 84. Rf4+ 1-0